000
00214 a2200097 4500
001
42627
100
_a
Aitken
245
_a
Gallipoli to the somme
260
_a
London
_b
Oxford university
_c
090
_c
26523
_d
26523
942
_a
NUST-CAE
_c
M
_c
18362
999
_c
277700
_d
277700